Classical and contemporary sociological theory : text and readings

Bibliographic Details
Main Authors: Appelrouth, Scott , 1965- (Author), Edles, Laura Desfor (Author)
Format: Book
Language:English
Published: Thousand Oaks, California : Pine Forge Press , c2012
Edition:2nd ed
Subjects:

MARC

LEADER 00000cam a2200000 7i4500
001 0000079921
005 20121205093000.0
008 110714s2012 cau eng
020 |a 9781412992336 (paperback : alk. paper) 
050 0 0 |a HM586   |b .A67 2012 
090 0 0 |a HM586   |b .A67 2012 
100 1 |a Appelrouth, Scott ,   |d 1965- ,   |e author 
245 1 0 |a Classical and contemporary sociological theory :   |b text and readings   |c Scott Appelrouth, Laura Desfor Edles 
250 |a 2nd ed 
260 |a Thousand Oaks, California :   |b Pine Forge Press ,   |c c2012 
300 |a xxiv, 862 p. :   |b ill. ;   |c 25 cm. 
504 |a Includes bibliographical references (p. 821-831) and index 
650 0 |a Sociology 
650 0 |a Sociology   |x History 
700 1 |a Edles, Laura Desfor ,   |e author 
999 |a 1000150376   |b Book   |c OPEN SHELF (30 DAYS)   |e Gong Badak Campus